Investičné certifikáty Finančný nástroj budúcnosti?

Prehľad základných druhov certifikátov. Vymedzenie airbag a bonus certifikátov. Outperformance certifikáty. Sprint certifikáty. Riziká certifikátov.

Guardado en:
Detalles Bibliográficos
Autor principal: Barri, Ivan
Formato: Capítulo de libro
Lenguaje:eslovaco
Materias:
Etiquetas: Agregar Etiqueta
Sin Etiquetas, Sea el primero en etiquetar este registro!

MARC

LEADER 00000naa$a2200000$$$4500
001 0039659
005 20231019083942.4
041 0 |a slo 
044 |a SK 
245 1 0 |a Investičné certifikáty  |b Finančný nástroj budúcnosti?  |c Ivan Barri 
520 |a Prehľad základných druhov certifikátov. Vymedzenie airbag a bonus certifikátov. Outperformance certifikáty. Sprint certifikáty. Riziká certifikátov. 
610 2 0 |a certifikáty investičné 
610 2 0 |a trh finančný 
610 2 0 |a rozhodovanie investičné 
610 2 0 |a fondy investičné 
610 2 0 |a dividendy 
610 2 0 |a nástroje investičné 
100 1 |a Barri, Ivan